[Event "Budapest Vezerkepzo Easter IM"]
[Site "Budapest"]
[Date "2025.04.19"]
[Round "8"]
[White "Chubakov, Sultan"]
[Black "Jakab, Attila"]
[Result "1/2-1/2"]
[WhiteElo "2230"]
[BlackElo "2236"]
[PlyCount "144"]
[EventDate "2025.04.14"]
[EventType "tourn"]
[EventRounds "9"]
[EventCountry "HUN"]
[SourceTitle "CB17_2025"]
[SourceDate "2025.04.23"]
[SourceVersion "1"]
[SourceVersionDate "2025.04.23"]
[SourceQuality "1"]

1. c4 e6 2. g3 Nf6 3. Bg2 d5 4. Nf3 Be7 5. 0-0 0-0 6. b3 b6 7. cxd5 Nxd5 8. Bb2 Bb7 9. d4 Nd7 10. Re1 c5 11. e4 N5f6 12. Nc3 cxd4 13. Nxd4 Bb4 14. Qe2 Nc5 15. Red1 Bxc3 16. Bxc3 Qe7 17. f3 Rac8 18. Rac1 Rfd8 19. Bb4 g6 20. Bf1 Nfd7 21. e5 Nb8 22. Nb5 Nc6 23. Ba3 Ba6 24. Qe3 Rxd1 25. Rxd1 Rd8 26. Nd6 Bxf1 27. Kxf1 Nb7 28. Rc1 Nb8 29. Rc4 Nxd6 30. Bxd6 Qb7 31. Kg2 Rc8 32. Qe4 Qd7 33. Rxc8+ Qxc8 34. Qa8 Kg7 35. Bxb8 h5 36. h4 a5 37. g4 g5 38. gxh5 gxh4 39. Kh3 Qc1 40. Qe4 Qh1+ 41. Kg4 h3 42. h6+ Kxh6 43. Qf4+ Kg7 44. Qg5+ Kh7 45. Qh5+ Kg8 46. Qxh3 Qb1 47. Bd6 Qxa2 48. Kg5 Qc2 49. Kf6 Qg6+ 50. Ke7 Qg5+ 51. Kd7 b5 52. Qg4 Qxg4 53. fxg4 a4 54. bxa4 bxa4 55. Kc6 Kg7 56. g5 Kg6 57. Be7 Kf5 58. Kb5 Kxe5 59. Kxa4 Kf4 60. Kb3 e5 61. Kc3 e4 62. Kd2 e3+ 63. Ke2 Ke4 64. Bf6 Kf4 65. Bd8 Ke4 66. Be7 Kf4 67. Kd3 Kf3 68. Kd4 e2 69. Bb4 Kf4 70. Bd2+ Kf5 71. Ke3 e1N 72. Bxe1 Kxg5 1/2-1/2

[Event "Titled Tuesday intern op 11th Mar Early"]
[Site "Chess.com INT"]
[Date "2025.03.11"]
[Round "10"]
[White "Souza dos Santos, Matheus Garcett"]
[Black "Chubakov, Sultan"]
[Result "1/2-1/2"]
[WhiteElo "1967"]
[BlackElo "2230"]
[PlyCount "75"]
[EventDate "2025.03.11"]
[EventType "swiss (blitz)"]
[EventRounds "11"]
[EventCountry "USA"]
[SourceTitle "CB12_2025"]
[SourceDate "2025.03.19"]
[SourceVersion "1"]
[SourceVersionDate "2025.03.19"]
[SourceQuality "1"]

1. e4 c5 2. Nf3 e6 3. d4 cxd4 4. Nxd4 a6 5. Bd3 Bc5 6. Nb3 Ba7 7. 0-0 Ne7 8. c4 Nbc6 9. Nc3 0-0 10. Qe2 Qc7 11. Be3 Bxe3 12. Qxe3 b6 13. Rac1 f5 14. Nd5 exd5 15. cxd5 f4 16. Qe2 f3 17. gxf3 Rf6 18. dxc6 Nxc6 19. Rxc6 dxc6 20. e5 Rf8 21. Qe4 Bf5 22. Bc4+ Kh8 23. Qe3 c5 24. f4 Rad8 25. Nd2 b5 26. Be2 Qf7 27. Nf3 Qg6+ 28. Kh1 Bd3 29. Rg1 Qe4 30. Bxd3 Qxd3 31. Qxd3 Rxd3 32. Ng5 Rxf4 33. e6 Rf8 34. Nf7+ Kg8 35. Nh6+ Kh8 36. Nf7+ Kg8 37. Nh6+ Kh8 38. Nf7+ 1/2-1/2

[Event "Budapest SixDays 01 IM-A"]
[Site "Budapest"]
[Date "2025.01.29"]
[Round "6"]
[White "Kustar, Sandor"]
[Black "Chubakov, Sultan"]
[Result "0-1"]
[WhiteElo "2240"]
[BlackElo "2237"]
[PlyCount "84"]
[EventDate "2025.01.26"]
[EventType "tourn"]
[EventRounds "9"]
[EventCountry "HUN"]
[SourceTitle "CB06_2025"]
[SourceDate "2025.02.05"]
[SourceVersion "1"]
[SourceVersionDate "2025.02.05"]
[SourceQuality "1"]

1. Nf3 d5 2. g3 Nd7 3. Bg2 e5 4. d3 Ngf6 5. 0-0 Bd6 6. Nbd2 0-0 7. e4 dxe4 8. dxe4 Nb6 9. b3 Qe7 10. h3 Rd8 11. Qe2 Be6 12. Bb2 Nfd7 13. Rfd1 Ba3 14. Bxa3 Qxa3 15. Qe3 f6 16. Nb1 Qc5 17. Qxc5 Nxc5 18. Nc3 c6 19. Kf1 a5 20. a4 Na6 21. Rxd8+ Rxd8 22. Rd1 Rc8 23. Rd6 Kf7 24. Rd2 Ke7 25. Nd1 Nd7 26. Ne3 Ndc5 27. Ne1 b5 28. axb5 cxb5 29. Rd1 a4 30. bxa4 bxa4 31. Ra1 Nc7 32. Ke2 Nb5 33. Kd2 Nd6 34. f3 Nb5 35. Bf1 Nd4 36. Ra3 g6 37. Bd3 Rb8 38. h4 Rb1 39. Bf1 f5 40. exf5 gxf5 41. c3 Ncb3+ 42. Kd3 Rxe1 0-1

[Event "Budapest SixDays 01 IM-A"]
[Site "Budapest"]
[Date "2025.01.26"]
[Round "1"]
[White "Chubakov, Sultan"]
[Black "Papp, Levente"]
[Result "0-1"]
[WhiteElo "2237"]
[BlackElo "2386"]
[PlyCount "74"]
[EventDate "2025.01.26"]
[EventType "tourn"]
[EventRounds "9"]
[EventCountry "HUN"]
[SourceTitle "CB06_2025"]
[SourceDate "2025.02.05"]
[SourceVersion "1"]
[SourceVersionDate "2025.02.05"]
[SourceQuality "1"]

1. c4 b6 2. Nc3 Bb7 3. d4 Nf6 4. Nf3 g6 5. g3 Bg7 6. Bg2 0-0 7. 0-0 Ne4 8. Qd3 Nxc3 9. bxc3 Nc6 10. e4 Na5 11. Be3 Ba6 12. Nd2 c6 13. e5 d5 14. exd6 exd6 15. d5 c5 16. Rfe1 Qd7 17. Bf4 Rfe8 18. Bf1 Rad8 19. Qc2 f5 20. Re3 Rxe3 21. fxe3 Qe7 22. e4 g5 23. Be3 Rf8 24. Qd3 fxe4 25. Qc2 Qe5 26. Re1 Rxf1+ 27. Nxf1 Bxc4 28. Nd2 Bxd5 29. c4 Bf7 30. Qa4 h6 31. Qd7 Nxc4 32. Rf1 Nxe3 33. Qxf7+ Kh7 34. Re1 Qd4 35. Nb3 Qd5 36. Qxa7 Nc2 37. Rc1 c4 0-1

[Event "Budapest Vezerkepzo Haag IM-A 11"]
[Site "Budapest"]
[Date "2024.11.08"]
[Round "6"]
[White "Chubakov, Sultan"]
[Black "Levay, Sorin"]
[Result "0-1"]
[WhiteElo "2250"]
[BlackElo "2077"]
[PlyCount "98"]
[EventDate "2024.11.04"]
[EventType "tourn"]
[EventRounds "9"]
[EventCountry "HUN"]
[SourceTitle "CB45_2024"]
[Source "ChessBase"]
[SourceDate "2024.11.06"]
[SourceVersion "1"]
[SourceVersionDate "2024.11.06"]
[SourceQuality "1"]

1. d4 d6 2. e4 Nf6 3. f3 g6 4. c4 Bg7 5. Nc3 e5 6. d5 Nh5 7. Be3 f5 8. Qd2 f4 9. Bf2 Bf6 10. Nge2 Bh4 11. g3 Bg5 12. Qd3 fxg3 13. hxg3 0-0 14. Bg2 Na6 15. Qd1 c5 16. a3 Bd7 17. Qd3 Rb8 18. Rb1 Qa5 19. 0-0 b5 20. Nxb5 Bxb5 21. cxb5 Qxb5 22. Rfd1 c4 23. Qc2 Nc5 24. Nc3 Qb3 25. Qxb3 Nxb3 26. Bxa7 Rb7 27. Bf2 Nd2 28. Ra1 Rxb2 29. Ra2 Rxa2 30. Nxa2 Nxf3+ 31. Kf1 Nh2+ 32. Ke2 Ng4 33. Bf3 Nxf2 34. Kxf2 Nf6 35. Nc3 Ng4+ 36. Ke2 Ne3 37. Rb1 Nc2 38. Bg2 Nd4+ 39. Ke1 Nb3 40. Nb5 Nd4 41. Nc3 Be3 42. Nd1 Nc2+ 43. Ke2 Bc5 44. a4 Nd4+ 45. Kd2 Nb3+ 46. Ke2 Ra8 47. Nb2 Rb8 48. Kd1 Nd4 49. Kc1 Ba3 0-1

[Event "Budapest Vezerkepzo Haag IM-A 11"]
[Site "Budapest"]
[Date "2024.11.05"]
[Round "2"]
[White "Chubakov, Sultan"]
[Black "Cosman, Andreea Marioara"]
[Result "1/2-1/2"]
[WhiteElo "2250"]
[BlackElo "2191"]
[PlyCount "66"]
[EventDate "2024.11.04"]
[EventType "tourn"]
[EventRounds "9"]
[EventCountry "HUN"]
[SourceTitle "CB45_2024"]
[Source "ChessBase"]
[SourceDate "2024.11.06"]
[SourceVersion "1"]
[SourceVersionDate "2024.11.06"]
[SourceQuality "1"]

1. d4 Nf6 2. c4 e6 3. g3 c5 4. Nf3 cxd4 5. Nxd4 d5 6. Bg2 e5 7. Nf3 d4 8. 0-0 Nc6 9. e3 Be7 10. exd4 exd4 11. Re1 0-0 12. a3 Be6 13. Nbd2 a5 14. Ne5 Rc8 15. b3 Qb6 16. Nd3 Rfe8 17. h3 h6 18. Nf4 Bf5 19. Nd5 Qd8 20. Bb2 Bc5 21. Qf3 Bg6 22. Nxf6+ Qxf6 23. Qxf6 gxf6 24. Ne4 Be7 25. f4 Red8 26. Rad1 Rc7 27. Rf1 Bxe4 28. Bxe4 Bc5 29. Kf2 Re7 30. Bd3 Rde8 31. Rfe1 Re3 32. Bc1 Kf8 33. Bb2 R8e7 1/2-1/2

[Event "Budapest Vezerkepzo Autumn IM-A"]
[Site "Budapest"]
[Date "2024.09.24"]
[Round "9"]
[White "Chin Durias, Peterson"]
[Black "Chubakov, Sultan"]
[Result "0-1"]
[WhiteElo "2201"]
[BlackElo "2265"]
[PlyCount "46"]
[EventDate "2024.09.18"]
[EventType "tourn"]
[EventRounds "9"]
[EventCountry "HUN"]
[SourceTitle "EXT 2025"]
[Source "ChessBase"]
[SourceDate "2024.10.14"]
[SourceVersion "1"]
[SourceVersionDate "2024.10.14"]
[SourceQuality "1"]

1. e4 c5 2. Nf3 e6 3. d4 cxd4 4. Nxd4 a6 5. Be2 Nf6 6. Nc3 Qc7 7. 0-0 Bb4 8. Qd3 0-0 9. Bg5 Be7 10. f4 d6 11. Kh1 Nbd7 12. Nb3 Re8 13. Rad1 b5 14. Bf3 Bb7 15. Rfe1 Rad8 16. Qe3 h6 17. Bh4 Ng4 18. Bxg4 Bxh4 19. Re2 Bf6 20. Nd4 Nb6 21. e5 dxe5 22. fxe5 Nc4 23. Qg3 Bxe5 0-1

[Event "Budapest Vezerkepzo Autumn IM-A"]
[Site "Budapest"]
[Date "2024.09.22"]
[Round "6"]
[White "Chubakov, Sultan"]
[Black "Pacher, Milan"]
[Result "1/2-1/2"]
[WhiteElo "2265"]
[BlackElo "2343"]
[PlyCount "45"]
[EventDate "2024.09.18"]
[EventType "tourn"]
[EventRounds "9"]
[EventCountry "HUN"]
[SourceTitle "EXT 2025"]
[Source "ChessBase"]
[SourceDate "2024.10.14"]
[SourceVersion "1"]
[SourceVersionDate "2024.10.14"]
[SourceQuality "1"]

1. d4 d5 2. c4 dxc4 3. Nf3 a6 4. e3 b5 5. a4 Bb7 6. b3 e6 7. bxc4 bxc4 8. Ba3 Bxa3 9. Nxa3 Nf6 10. Nxc4 0-0 11. Be2 Nbd7 12. 0-0 c5 13. a5 Ne4 14. Qd3 Bd5 15. Rfb1 Rb8 16. Rxb8 Qxb8 17. Rb1 Qc7 18. Nb6 cxd4 19. Nxd7 Qxd7 20. Nxd4 g6 21. f3 Nc5 22. Qa3 Qa7 23. Kf2 1/2-1/2

[Event "Budapest Vezerkepzo Autumn IM-A"]
[Site "Budapest"]
[Date "2024.09.22"]
[Round "7"]
[White "Szalay Ocsak, Bank"]
[Black "Chubakov, Sultan"]
[Result "0-1"]
[WhiteElo "2204"]
[BlackElo "2265"]
[PlyCount "110"]
[EventDate "2024.09.18"]
[EventType "tourn"]
[EventRounds "9"]
[EventCountry "HUN"]
[SourceTitle "EXT 2025"]
[Source "ChessBase"]
[SourceDate "2024.10.14"]
[SourceVersion "1"]
[SourceVersionDate "2024.10.14"]
[SourceQuality "1"]

1. e4 c5 2. Nf3 e6 3. d4 cxd4 4. Nxd4 a6 5. c4 Nf6 6. Nc3 Qc7 7. Be2 Nc6 8. 0-0 Be7 9. Be3 0-0 10. Rc1 Nxd4 11. Qxd4 d6 12. Rfd1 Rd8 13. f3 Bd7 14. b4 Be8 15. g4 Rac8 16. Kg2 Qb8 17. g5 Nd7 18. f4 d5 19. cxd5 e5 20. fxe5 Nxe5 21. a3 Ng6 22. Bg4 Bd7 23. e5 Bxg4 24. Qxg4 Nxe5 25. Qg3 Rc4 26. Rd4 Rdc8 27. Rxc4 Nxc4 28. Bf4 Bd6 29. Ne2 Bxf4 30. Nxf4 b5 31. Re1 Qd6 32. Qg4 Rf8 33. Qf5 Nxa3 34. Nh5 Qxb4 35. Rg1 Re8 36. Kh3 Re3+ 37. Rg3 Rxg3+ 38. hxg3 Qf8 39. d6 Qxd6 40. Qc8+ Qf8 41. Qxa6 b4 42. Qb7 Nc4 43. g4 Ne5 44. Nf4 Qd8 45. Nd5 Ng6 46. Nxb4 Qxg5 47. Qa8+ Nf8 48. Nd5 h5 49. gxh5 Qxh5+ 50. Kg3 Qe5+ 51. Kh3 g6 52. Qc6 Qe6+ 53. Kg3 Qxc6 54. Ne7+ Kg7 55. Nxc6 f5 0-1

[Event "Budapest One Week GM-A 08"]
[Site "Budapest"]
[Date "2024.08.17"]
[Round "5"]
[White "Damjanovic, Vuk"]
[Black "Chubakov, Sultan"]
[Result "1/2-1/2"]
[WhiteElo "2343"]
[BlackElo "2318"]
[PlyCount "43"]
[EventDate "2024.08.14"]
[EventType "tourn"]
[EventRounds "9"]
[EventCountry "HUN"]
[EventCategory "6"]
[SourceTitle "EXT 2025"]
[Source "ChessBase"]
[SourceDate "2024.10.14"]
[SourceVersion "1"]
[SourceVersionDate "2024.10.14"]
[SourceQuality "1"]

1. Nf3 d5 2. g3 Nd7 3. d4 Nb6 4. b3 Nf6 5. Bg2 Bf5 6. Nh4 e6 7. Nxf5 exf5 8. Qd3 g6 9. 0-0 c6 10. c4 h5 11. a4 a5 12. Bg5 Be7 13. Nc3 Ne4 14. Bxe7 Qxe7 15. cxd5 Nxc3 16. Qxc3 Nxd5 17. Qd2 Nb4 18. Rac1 0-0 19. Bf3 Rfd8 20. Rfd1 Rd7 21. e3 b6 22. Qe2 1/2-1/2

[Event "Budapest One Week GM-A 08"]
[Site "Budapest"]
[Date "2024.08.14"]
[Round "1"]
[White "Setyaki, Azarya Jodi"]
[Black "Chubakov, Sultan"]
[Result "1-0"]
[WhiteElo "2370"]
[BlackElo "2318"]
[PlyCount "55"]
[EventDate "2024.08.14"]
[EventType "tourn"]
[EventRounds "9"]
[EventCountry "HUN"]
[EventCategory "6"]
[SourceTitle "EXT 2025"]
[Source "ChessBase"]
[SourceDate "2024.10.14"]
[SourceVersion "1"]
[SourceVersionDate "2024.10.14"]
[SourceQuality "1"]

1. e4 c6 2. d4 d5 3. e5 Bf5 4. Nf3 e6 5. Be2 c5 6. c3 Nc6 7. 0-0 h6 8. Be3 Qb6 9. Nbd2 g5 10. dxc5 Bxc5 11. Bxc5 Qxc5 12. Nb3 Qb6 13. Nfd4 Bg6 14. a4 a6 15. a5 Qc7 16. Nxc6 Qxc6 17. f4 Ne7 18. Bd3 0-0-0 19. fxg5 Qc7 20. Re1 hxg5 21. Ra4 Be4 22. Qe2 Qxe5 23. g3 f5 24. Bxa6 Qc7 25. Rb4 d4 26. Nxd4 Rxd4 27. Rxd4 Nd5 28. Rc4 1-0

[Event "Budapest SixDays 07 GM-B"]
[Site "Budapest"]
[Date "2024.08.02"]
[Round "8"]
[White "Li, Guohao"]
[Black "Chubakov, Sultan"]
[Result "1-0"]
[WhiteElo "2331"]
[BlackElo "2330"]
[PlyCount "89"]
[EventDate "2024.07.29"]
[EventType "tourn"]
[EventRounds "9"]
[EventCountry "HUN"]
[EventCategory "6"]
[SourceTitle "CBM 221 Extra"]
[Source "ChessBase"]
[SourceDate "2024.09.30"]
[SourceVersion "1"]
[SourceVersionDate "2024.09.30"]
[SourceQuality "1"]

1. d4 d5 2. Nf3 Nf6 3. c4 c6 4. Nc3 dxc4 5. a4 Bf5 6. Ne5 e6 7. e3 Nbd7 8. Nxc4 Bb4 9. Be2 0-0 10. 0-0 Qc7 11. Qb3 a5 12. Na2 Be7 13. f3 b5 14. axb5 a4 15. Qc3 cxb5 16. Na3 Qb6 17. Nxb5 Rfc8 18. Qe1 e5 19. Kh1 Bc2 20. Nac3 Bb3 21. Bd2 Bc4 22. Qd1 Bb3 23. Qb1 Bc4 24. Bd3 exd4 25. exd4 Ra5 26. Re1 Bf8 27. Na3 Bxa3 28. Rxa3 Bb3 29. Be3 Re8 30. Bf2 Rxe1+ 31. Qxe1 Qb4 32. Qe3 Ra8 33. Ra1 Re8 34. Qg5 Rb8 35. Bg3 Re8 36. Bf2 Rb8 37. h3 h6 38. Qf4 Rc8 39. Be1 Nc5 40. Bf5 Rd8 41. Nxa4 Qxa4 42. Rxa4 Nxa4 43. Qe3 Bd5 44. Bh4 Re8 45. Qa3 1-0

[Event "Budapest Vezerkepzo GM 07"]
[Site "Budapest"]
[Date "2024.07.15"]
[Round "6"]
[White "Chubakov, Sultan"]
[Black "Ezra, Paul Chambers"]
[Result "1/2-1/2"]
[WhiteElo "2330"]
[BlackElo "2359"]
[PlyCount "93"]
[EventDate "2024.07.12"]
[EventType "tourn"]
[EventRounds "9"]
[EventCountry "HUN"]
[EventCategory "6"]
[SourceTitle "CBM 221 Extra"]
[Source "ChessBase"]
[SourceDate "2024.09.30"]
[SourceVersion "1"]
[SourceVersionDate "2024.09.30"]
[SourceQuality "1"]

1. d4 d5 2. c4 c6 3. cxd5 cxd5 4. Nf3 Nf6 5. Nc3 Nc6 6. Bf4 a6 7. Ne5 Qb6 8. Nxc6 bxc6 9. Qd2 Nh5 10. Be3 a5 11. Na4 Qb8 12. Qc2 e5 13. dxe5 Bb4+ 14. Bd2 0-0 15. e3 Qxe5 16. Be2 Bf5 17. Qd1 Nf6 18. Bxb4 axb4 19. 0-0 Ra5 20. a3 Rb8 21. axb4 Rxb4 22. Nc3 Rxa1 23. Qxa1 Qb8 24. Nd1 h6 25. Qc1 Qb6 26. Re1 c5 27. Qd2 Rb3 28. Bf1 Qb8 29. f3 Qb6 30. Kh1 Kf8 31. h3 Kg8 32. Kh2 Bg6 33. Kh1 Qb8 34. Kg1 Bf5 35. Qa5 Nd7 36. Nc3 Be6 37. Rd1 Qe5 38. Qd8+ Kh7 39. Nxd5 Bxd5 40. Qxd7 Qxe3+ 41. Kh1 Be6 42. Qd2 Qe5 43. Qc2+ g6 44. Rc1 c4 45. Bxc4 Rxb2 46. Qc3 Qxc3 47. Rxc3 1/2-1/2

[Event "Budapest Vezerkepzo GM 07"]
[Site "Budapest"]
[Date "2024.07.14"]
[Round "4"]
[White "Chubakov, Sultan"]
[Black "Gedajlovic, Max"]
[Result "1/2-1/2"]
[WhiteElo "2330"]
[BlackElo "2386"]
[PlyCount "42"]
[EventDate "2024.07.12"]
[EventType "tourn"]
[EventRounds "9"]
[EventCountry "HUN"]
[EventCategory "6"]
[SourceTitle "CBM 221 Extra"]
[Source "ChessBase"]
[SourceDate "2024.09.30"]
[SourceVersion "1"]
[SourceVersionDate "2024.09.30"]
[SourceQuality "1"]

1. d4 Nf6 2. c4 e6 3. g3 d5 4. Nf3 dxc4 5. Bg2 Nbd7 6. 0-0 Rb8 7. a4 a6 8. a5 Bd6 9. Nbd2 b5 10. axb6 Nxb6 11. e4 Bb4 12. Qc2 Bb7 13. e5 Nfd5 14. Ne4 Be7 15. Bd2 Qd7 16. Nc5 Qc6 17. Ra5 c3 18. bxc3 Nc4 19. Ra4 Ncb6 20. Ra5 Nc4 21. Ra4 Ncb6 1/2-1/2

[Event "Budapest Vezerkepzo GM 07"]
[Site "Budapest"]
[Date "2024.07.13"]
[Round "3"]
[White "Manish, Anto Cristiano F"]
[Black "Chubakov, Sultan"]
[Result "1-0"]
[WhiteElo "2323"]
[BlackElo "2330"]
[PlyCount "103"]
[EventDate "2024.07.12"]
[EventType "tourn"]
[EventRounds "9"]
[EventCountry "HUN"]
[EventCategory "6"]
[SourceTitle "CBM 221 Extra"]
[Source "ChessBase"]
[SourceDate "2024.09.30"]
[SourceVersion "1"]
[SourceVersionDate "2024.09.30"]
[SourceQuality "1"]

1. d4 d5 2. c4 c6 3. Nc3 Nf6 4. e3 Bf5 5. cxd5 cxd5 6. Qb3 Bc8 7. f4 Nc6 8. Nf3 e6 9. Bd3 Be7 10. 0-0 0-0 11. Bd2 g6 12. Ne5 Nd7 13. Rf3 f5 14. Nxc6 bxc6 15. Na4 c5 16. dxc5 Nxc5 17. Nxc5 Bxc5 18. Rc1 Be7 19. Bc3 Bf6 20. Bxf6 Rxf6 21. Rf2 Rf7 22. Rfc2 Bb7 23. Rc5 g5 24. Qb4 gxf4 25. exf4 Qb6 26. Qd4 Rc7 27. b4 Rac8 28. h3 a5 29. a3 axb4 30. axb4 Rxc5 31. bxc5 Qc7 32. Bb5 Bc6 33. Bxc6 Qxc6 34. Kh2 Kf7 35. Rc3 Rb8 36. Rg3 Rg8 37. Rb3 Rc8 38. Rb6 Qd7 39. Qe5 Qe7 40. c6 Rc7 41. Qh8 Qh4 42. Qe5 Qe7 43. Rb8 Rxc6 44. Qh8 Kg6 45. Re8 Qf7 46. Rf8 Qe7 47. Re8 Qf7 48. Rg8+ Kh6 49. Rg5 Rc4 50. Qb8 d4 51. Qd8 d3 52. Rg3 1-0

[Event "Chess.com Speed Play In"]
[Site "Chess.com INT"]
[Date "2024.06.27"]
[Round "3"]
[White "Chubakov, Sultan"]
[Black "Winkels, Marcel"]
[Result "1-0"]
[WhiteElo "2304"]
[BlackElo "1924"]
[PlyCount "47"]
[EventDate "2024.06.27"]
[EventType "swiss (blitz)"]
[EventRounds "11"]
[EventCountry "USA"]
[SourceTitle "CBM 220 Extra"]
[Source "ChessBase"]
[SourceDate "2024.07.31"]
[SourceVersion "1"]
[SourceVersionDate "2024.07.31"]
[SourceQuality "1"]

1. d4 f5 2. c4 Nf6 3. g3 g6 4. Bg2 Bg7 5. Nf3 0-0 6. 0-0 d6 7. Nc3 Qe8 8. Re1 Qf7 9. e4 fxe4 10. Nxe4 Qxc4 11. Nc3 Qf7 12. Ng5 Qe8 13. Qb3+ Kh8 14. Bxb7 Bxb7 15. Qxb7 Nc6 16. Ne6 Qc8 17. Qxc6 Rf7 18. Nxg7 Kxg7 19. Nd5 Rb8 20. Nxf6 exf6 21. d5 f5 22. Bd2 Rb6 23. Bc3+ Kg8 24. Re8+ 1-0

[Event "Chess.com Speed Play In"]
[Site "Chess.com INT"]
[Date "2024.06.27"]
[Round "2"]
[White "Hambleton, Aman"]
[Black "Chubakov, Sultan"]
[Result "1-0"]
[WhiteElo "2420"]
[BlackElo "2304"]
[PlyCount "53"]
[EventDate "2024.06.27"]
[EventType "swiss (blitz)"]
[EventRounds "11"]
[EventCountry "USA"]
[SourceTitle "CBM 220 Extra"]
[Source "ChessBase"]
[SourceDate "2024.07.31"]
[SourceVersion "1"]
[SourceVersionDate "2024.07.31"]
[SourceQuality "1"]

1. d4 d5 2. Bf4 Nf6 3. e3 c5 4. c3 e6 5. Nd2 Nc6 6. Ngf3 Bd6 7. Bg3 0-0 8. Bd3 g6 9. 0-0 Bxg3 10. hxg3 b6 11. Qe2 Bb7 12. Rad1 Qe7 13. e4 dxe4 14. Nxe4 cxd4 15. c4 Nb4 16. Nxf6+ Qxf6 17. Be4 d3 18. Bxd3 Rfd8 19. Bb1 Na6 20. Ne5 Nc5 21. f4 Rxd1 22. Rxd1 Rd8 23. b4 Na6 24. a3 Qe7 25. Kh2 Nb8 26. Rxd8+ Qe8 27. Be4 1-0

[Event "Chess.com Speed Play In"]
[Site "Chess.com INT"]
[Date "2024.06.27"]
[Round "5"]
[White "Wafa, Hamed"]
[Black "Chubakov, Sultan"]
[Result "1-0"]
[WhiteElo "2396"]
[BlackElo "2304"]
[PlyCount "69"]
[EventDate "2024.06.27"]
[EventType "swiss (blitz)"]
[EventRounds "11"]
[EventCountry "USA"]
[SourceTitle "CBM 220 Extra"]
[Source "ChessBase"]
[SourceDate "2024.07.31"]
[SourceVersion "1"]
[SourceVersionDate "2024.07.31"]
[SourceQuality "1"]

1. e4 c6 2. d4 d5 3. e5 Bf5 4. h4 h5 5. Bd3 Bxd3 6. Qxd3 e6 7. Nf3 Qa5+ 8. Nbd2 Qa6 9. c4 Ne7 10. 0-0 Nd7 11. b3 Nf5 12. a4 Be7 13. Qc3 Nxh4 14. Nxh4 Bxh4 15. Ba3 Be7 16. Bxe7 Kxe7 17. cxd5 exd5 18. f4 Qb6 19. f5 Rae8 20. Rae1 Kd8 21. Kh1 h4 22. Nf3 h3 23. g4 Kc8 24. b4 Qa6 25. b5 Qxa4 26. bxc6 Qxc6 27. Qa5 Kb8 28. Rc1 Qb6 29. Qxd5 Qb2 30. Rg1 Nb6 31. Qd6+ Ka8 32. Ra1 Qb3 33. Kh2 Qxf3 34. Rxa7+ Kxa7 35. Ra1+ 1-0

[Event "Chess.com Speed Play In"]
[Site "Chess.com INT"]
[Date "2024.06.27"]
[Round "8"]
[White "Wyss, Jonas"]
[Black "Chubakov, Sultan"]
[Result "1-0"]
[WhiteElo "2291"]
[BlackElo "2304"]
[PlyCount "113"]
[EventDate "2024.06.27"]
[EventType "swiss (blitz)"]
[EventRounds "11"]
[EventCountry "USA"]
[SourceTitle "CBM 220 Extra"]
[Source "ChessBase"]
[SourceDate "2024.07.31"]
[SourceVersion "1"]
[SourceVersionDate "2024.07.31"]
[SourceQuality "1"]

1. e4 c6 2. Nc3 d5 3. Nf3 Bg4 4. h3 Bxf3 5. Qxf3 e6 6. Be2 Nd7 7. d4 dxe4 8. Nxe4 Ngf6 9. c3 Be7 10. 0-0 0-0 11. Bd3 Nxe4 12. Qxe4 Nf6 13. Qe2 c5 14. Be3 Rc8 15. Rad1 Qa5 16. a3 cxd4 17. Bxd4 Rfd8 18. Bb1 b6 19. Qc2 g6 20. Qe2 Qh5 21. Qa6 Rc7 22. Bc2 Nd5 23. c4 Nf4 24. Be3 Nxh3+ 25. gxh3 Qxh3 26. Rxd8+ Bxd8 27. Qb5 Qg4+ 28. Kh1 Bf6 29. Bd1 Qh3+ 30. Kg1 Rd7 31. Qxd7 Be5 32. Qd8+ Kg7 33. f4 Qg3+ 34. Kh1 Qh3+ 35. Kg1 Qxe3+ 36. Kg2 Bxf4 37. Rxf4 Qxf4 38. Qd3 Qg5+ 39. Kf2 Qf4+ 40. Bf3 Qh2+ 41. Bg2 Qf4+ 42. Kg1 Qc1+ 43. Bf1 Qxb2 44. Be2 Qe5 45. Kf1 Qf4+ 46. Ke1 Qc1+ 47. Kf2 Qf4+ 48. Ke1 h5 49. Qc3+ Kh7 50. c5 bxc5 51. Qxc5 a6 52. Bxa6 Qe4+ 53. Be2 Qb1+ 54. Kf2 h4 55. a4 Qe4 56. a5 h3 57. Qe3 1-0

[Event "Titled Tuesday intern op 25th Jun Early"]
[Site "Chess.com INT"]
[Date "2024.06.25"]
[Round "3"]
[White "Chubakov, Sultan"]
[Black "Stepanencu, Nicodim Cosmin"]
[Result "1-0"]
[WhiteElo "2304"]
[BlackElo "2296"]
[PlyCount "87"]
[EventDate "2024.06.25"]
[EventType "swiss (blitz)"]
[EventRounds "11"]
[EventCountry "USA"]
[SourceTitle "EXT 2025"]
[Source "ChessBase"]
[SourceDate "2024.10.14"]
[SourceVersion "1"]
[SourceVersionDate "2024.10.14"]
[SourceQuality "1"]

1. d4 g6 2. c4 Bg7 3. e4 d6 4. Nc3 Nc6 5. Nge2 e5 6. Be3 exd4 7. Nxd4 Nf6 8. Be2 0-0 9. 0-0 Re8 10. f3 Bd7 11. Bf2 a6 12. a3 Rb8 13. b4 Nxd4 14. Bxd4 b5 15. Rc1 Nh5 16. Bxg7 Nxg7 17. Nd5 c6 18. Nc3 Qe7 19. Qd2 Be6 20. Rfd1 Red8 21. Qd4 c5 22. Nd5 Bxd5 23. Qxd5 Ne6 24. cxb5 axb5 25. e5 Nf4 26. Qe4 Qxe5 27. Qxe5 dxe5 28. Rxd8+ Rxd8 29. Bxb5 cxb4 30. axb4 Rb8 31. Rc5 f6 32. Bc4+ Kg7 33. g3 Nh5 34. b5 Kh6 35. Rc6 Ng7 36. b6 Nf5 37. Ba6 Nd4 38. Rxf6 Kg5 39. Rd6 Nxf3+ 40. Kg2 Nd4 41. b7 Nf5 42. Rc6 Nd4 43. Rc8 Nc6 44. Rxc6 1-0

[Event "Titled Tuesday intern op 25th Jun Early"]
[Site "Chess.com INT"]
[Date "2024.06.25"]
[Round "4"]
[White "Nadanian, Ashot S"]
[Black "Chubakov, Sultan"]
[Result "1-0"]
[WhiteElo "2248"]
[BlackElo "2304"]
[PlyCount "79"]
[EventDate "2024.06.25"]
[EventType "swiss (blitz)"]
[EventRounds "11"]
[EventCountry "USA"]
[SourceTitle "EXT 2025"]
[Source "ChessBase"]
[SourceDate "2024.10.14"]
[SourceVersion "1"]
[SourceVersionDate "2024.10.14"]
[SourceQuality "1"]

1. e4 c6 2. d4 d5 3. Nd2 dxe4 4. Nxe4 Bf5 5. Bd3 e6 6. Nf3 Nd7 7. 0-0 Be7 8. c3 Bg6 9. Re1 Ngf6 10. Bf4 Nxe4 11. Bxe4 Bxe4 12. Rxe4 0-0 13. Qc2 c5 14. Rae1 cxd4 15. Rxd4 Qc8 16. Red1 Rd8 17. Bd6 Bf6 18. R4d3 Qc4 19. b3 Qc6 20. Bf4 Nf8 21. Rd6 Qc5 22. c4 Rxd6 23. Bxd6 Qc6 24. Be5 Rd8 25. Bxf6 Rxd1+ 26. Qxd1 gxf6 27. Qd4 Kg7 28. h4 h5 29. Qxa7 Ng6 30. Qd4 e5 31. Qe3 Nf4 32. g3 Ng6 33. Nd2 Qd6 34. Ne4 Qd1+ 35. Kg2 Qg4 36. Kh2 f5 37. Ng5 f4 38. Qf3 fxg3+ 39. fxg3 Qd4 40. Qxf7+ 1-0